[Event "3rd ACT"]
[Site "Amsterdam NED"]
[Date "2006.07.15"]
[Round "1"]
[White "De Saegher,C"]
[Black "Van Beek,L"]
[Result "1-0"]
[WhiteElo "2203"]
[BlackElo "2345"]
[EventDate "2006.07.15"]

1. d4 Nf6 2. Nf3 e6 3. c4 c5 4. d5 exd5 5. cxd5 d6 6. Nc3 g6 7. e4 Bg7 8.
h3 O-O 9. Bd3 Ne8 10. O-O Nc7 11. Bf4 Qe7 12. Re1 f6 13. Nd2 b6 14. Nc4 Rd8
15. a4 Nba6 16. Nb5 Nxb5 17. axb5 Nc7 18. Qb3 Bf8 19. Bg3 Qf7 20. Ra3 f5
21. e5 Qxd5 22. exd6 Bb7 23. Nxb6 Qxb3 24. Rxb3 axb6 25. dxc7 Rd4 26. Be5
Rda4 27. Ra3 c4 28. c8=Q Rxc8 29. Rxa4 cxd3 30. Rd1 Be4 31. f3 Bd5 32. Rxd3
Bc4 33. Rc3 Bc5+ 34. Kh2 Bxb5 35. Ra7 Re8 36. f4 Rd8 37. b4 1-0

[Event "3rd ACT"]
[Site "Amsterdam NED"]
[Date "2006.07.15"]
[Round "1"]
[White "Van Oosterom,C"]
[Black "Van de Fliert,W"]
[Result "0-1"]
[WhiteElo "2343"]
[BlackElo "2195"]
[EventDate "2006.07.15"]

1. e4 c5 2. c3 e6 3. d4 cxd4 4. cxd4 d5 5. e5 Nc6 6. Nf3 Nge7 7. Nc3 Nf5 8.
Be3 Bd7 9. Bd3 Nh4 10. O-O Nxf3+ 11. Qxf3 a6 12. Qg4 g6 13. Rad1 Bg7 14.
Rfe1 O-O 15. Bg5 f6 16. Bh4 Ne7 17. exf6 Bxf6 18. Bxf6 Rxf6 19. Qg3 Qb8 20.
Bb1 Qxg3 21. hxg3 Raf8 22. f3 g5 23. Re5 h6 24. Ne2 Bb5 25. Nc1 Rc8 26. Re3
Ba4 27. b3 Be8 28. Rde1 Bg6 29. Bxg6 Nxg6 30. Nd3 Rc2 31. a4 Rd2 32. Rxe6
Rxe6 33. Rxe6 Kf7 34. Nc5 Rxd4 35. Rb6 Rd1+ 36. Kf2 Rd2+ 37. Kf1 Rd1+ 38.
Ke2 Rc1 39. Rxb7+ Ke8 40. Nxa6 Rc2+ 41. Kf1 Rc1+ 42. Kf2 Rc2+ 43. Kg1 Rc1+
44. Kh2 d4 45. Nc7+ Kd8 46. Ne6+ Kc8 47. Rb5 d3 48. Rd5 Rc6 49. Rd8+ Kb7
50. Nd4 Rc3 51. b4 Ne5 52. Ne6 Rc2 53. Kh3 g4+ 54. Kh4 Rxg2 55. Nc5+ Ka7
56. Rd7+ Nxd7 0-1

[Event "3rd ACT"]
[Site "Amsterdam NED"]
[Date "2006.07.15"]
[Round "1"]
[White "Bachofner,A"]
[Black "Slingerland,F"]
[Result "1/2-1/2"]
[WhiteElo "2185"]
[BlackElo "2338"]
[EventDate "2006.07.15"]

1. Nf3 Nf6 2. b3 g6 3. Bb2 Bg7 4. e3 b6 5. c4 c5 6. Be2 Bb7 7. O-O O-O 8.
Nc3 Nc6 9. d4 cxd4 10. Nxd4 Nxd4 11. Qxd4 Ne4 12. Qd3 Rc8 13. Rac1 d5 14.
cxd5 Nxc3 15. Bxc3 Qxd5 16. Qxd5 Bxd5 17. Bxg7 Kxg7 18. Ba6 Rxc1 19. Rxc1
Be6 20. Kf1 Rd8 21. Ke2 Rd5 22. Bb7 Ra5 23. Rc2 Kf6 24. h3 g5 25. Be4 h6
26. f4 Bd5 27. Bxd5 Rxd5 28. Rc7 Ra5 29. a4 gxf4 30. exf4 h5 31. g4 hxg4
32. hxg4 Ke6 33. Kd3 Kd6 34. Rb7 f6 35. f5 Rd5+ 36. Ke4 Re5+ 37. Kd4 Rd5+
38. Kc4 Rc5+ 39. Kd4 Rd5+ 40. Kc4 Rc5+ 41. Kd4 Rd5+ 1/2-1/2

[Event "3rd ACT"]
[Site "Amsterdam NED"]
[Date "2006.07.15"]
[Round "1"]
[White "Becker,Mart"]
[Black "Ahlers,B"]
[Result "1/2-1/2"]
[WhiteElo "2335"]
[BlackElo "2185"]
[EventDate "2006.07.15"]

1. d4 d5 2. c4 c6 3. Nf3 Nf6 4. e3 Bf5 5. Nc3 e6 6. Nh4 Bg6 7. Qb3 Qc7 8.
Nxg6 hxg6 9. h3 dxc4 10. Bxc4 Be7 11. e4 Nbd7 12. O-O O-O 13. Be3 b5 14.
Bd3 e5 15. d5 b4 16. Na4 cxd5 17. exd5 e4 18. Bb5 Qe5 19. Bc6 Bd6 20. g3
Qh5 21. Kh2 Ne5 22. Bxa8 Rxa8 23. Rad1 Nf3+ 24. Kg2 Nh4+ 25. gxh4 Qf3+ 26.
Kg1 Ng4 27. Rfe1 Qxh3 28. Bf4 e3 29. Rxe3 Nxe3 30. fxe3 Qg4+ 31. Kf2 Qxh4+
32. Kf3 Bxf4 33. exf4 Re8 34. Rg1 Qh3+ 35. Kf2 Qh2+ 36. Rg2 Qxf4+ 37. Qf3
Qd2+ 38. Kg3 Qg5+ 39. Kh2 Qh6+ 40. Qh3 Qf4+ 41. Qg3 Qh6+ 1/2-1/2

[Event "3rd ACT"]
[Site "Amsterdam NED"]
[Date "2006.07.16"]
[Round "2"]
[White "Tiviakov,S"]
[Black "Van Delft,M"]
[Result "1/2-1/2"]
[WhiteElo "2668"]
[BlackElo "2382"]
[EventDate "2006.07.15"]

1. e4 e5 2. Nf3 Nc6 3. Bb5 a6 4. Ba4 Nf6 5. Qe2 b5 6. Bb3 Bc5 7. d3 d6 8.
c3 O-O 9. Bg5 Bb6 10. Nbd2 Be6 11. Nf1 Ne7 12. Bxf6 gxf6 13. Nh4 f5 14. Ng3
f4 15. Nh5 Kh8 16. g3 Ng6 17. Nf5 a5 18. Qf3 a4 19. Bd5 Bxd5 20. exd5 b4
21. cxb4 a3 22. b3 Qg5 23. g4 e4 24. dxe4 Ne5 25. Qc3 Qxg4 26. Nf6 Qg6 27.
Nd7 Qg2 28. O-O-O Bxf2 29. Nxf8 Rxf8 30. Rhf1 f3 31. Kb1 Bb6 32. Nh4 Qg4
33. Nxf3 Qxe4+ 34. Ka1 Rg8 35. Nd2 Qd4 36. Nb1 Qxc3+ 37. Nxc3 Rg2 38. Nb5
Ng4 39. Nxa3 Ne3 40. Nc4 Nxf1 41. Rxf1 Bd4+ 42. Kb1 Rxh2 43. Rxf7 h5 44.
Rxc7 h4 45. Nxd6 h3 46. Nf7+ Kg8 47. Nh6+ Kh8 48. Nf7+ Kg8 1/2-1/2

[Event "3rd ACT"]
[Site "Amsterdam NED"]
[Date "2006.07.16"]
[Round "2"]
[White "Pruijssers,R"]
[Black "L'Ami,E"]
[Result "0-1"]
[WhiteElo "2355"]
[BlackElo "2586"]
[EventDate "2006.07.15"]

1. e4 e5 2. Nf3 Nc6 3. Bb5 Nf6 4. O-O Nxe4 5. d4 Nd6 6. Bxc6 dxc6 7. dxe5
Nf5 8. Qxd8+ Kxd8 9. Nc3 Ne7 10. h3 Ng6 11. Ne4 h6 12. b3 c5 13. c4 Be6 14.
Bb2 Kd7 15. Rad1+ Kc6 16. Nc3 Be7 17. Nd5 a5 18. Nh2 Rhd8 19. Nxe7+ Nxe7
20. a4 Bf5 21. e6 f6 22. Rde1 Bd3 0-1

[Event "3rd ACT"]
[Site "Amsterdam NED"]
[Date "2006.07.16"]
[Round "2"]
[White "Stellwagen,D"]
[Black "Schoorl,R"]
[Result "1/2-1/2"]
[WhiteElo "2575"]
[BlackElo "2289"]
[EventDate "2006.07.15"]

1. c4 Nf6 2. g3 c5 3. Bg2 d5 4. cxd5 Nxd5 5. Nc3 Nc7 6. Nf3 Nc6 7. O-O e5
8. d3 Be7 9. Nd2 Bd7 10. Nc4 f6 11. f4 b5 12. Ne3 exf4 13. Nf5 b4 14. Nxe7
Qxe7 15. Ne4 Ne6 16. gxf4 f5 17. Ng3 O-O 18. a3 Rab8 19. axb4 Rxb4 20. Ra6
Qd6 21. e4 Ned4 22. exf5 Bc8 23. Ra4 Nxf5 24. Rxb4 Nxb4 25. Be4 Qd4+ 26.
Kh1 Nxg3+ 27. hxg3 c4 28. Qf3 cxd3 29. Be3 Qxb2 30. Qh5 g6 31. Qc5 Qe2 32.
Bd5+ Nxd5 33. Qxd5+ Rf7 34. Qd8+ Rf8 35. Qd5+ Rf7 36. Qd8+ 1/2-1/2

[Event "3rd ACT"]
[Site "Amsterdam NED"]
[Date "2006.07.16"]
[Round "2"]
[White "Afek,Y"]
[Black "Halkias,S"]
[Result "0-1"]
[WhiteElo "2316"]
[BlackElo "2551"]
[EventDate "2006.07.15"]

1. e4 c5 2. Nf3 e6 3. c3 Nf6 4. e5 Nd5 5. d4 cxd4 6. cxd4 d6 7. Bc4 Nb6 8.
Bd3 dxe5 9. dxe5 Na6 10. O-O Nc5 11. Bc2 Qxd1 12. Rxd1 Bd7 13. Nc3 Rc8 14.
a4 Bc6 15. Nd4 Ncd7 16. Nxc6 bxc6 17. f4 Nd5 18. Kf1 Bb4 19. Bd2 Rb8 20.
Nxd5 cxd5 21. Bd3 Ke7 22. Bb5 Bxd2 23. Rxd2 Rhc8 24. Ra3 Nb6 25. Rb3 Nd7
26. Rh3 h6 27. Rg3 g6 28. Rh3 h5 29. Ra3 Rc1+ 30. Ke2 Rbc8 31. Bxd7 Kxd7
32. Rb3 R1c4 33. g3 Rxa4 34. Rb7+ Rc7 35. Rxc7+ Kxc7 36. Kd3 Rb4 37. Kc3
Rc4+ 38. Kd3 a5 39. b3 Rc1 40. Rb2 Kb6 41. Kd2 Rg1 42. Kc3 Rf1 43. Rc2 h4
44. Kb2 h3 0-1

[Event "3rd ACT"]
[Site "Amsterdam NED"]
[Date "2006.07.16"]
[Round "2"]
[White "Strating,S"]
[Black "Parker,J"]
[Result "1/2-1/2"]
[WhiteElo "2279"]
[BlackElo "2509"]
[EventDate "2006.07.15"]

1. d4 Nf6 2. c4 e6 3. Nf3 d5 4. Nc3 Nbd7 5. e3 Be7 6. cxd5 exd5 7. Bd3 O-O
8. Rb1 c5 9. O-O a6 10. b3 b5 11. dxc5 Nxc5 12. Nd4 Bg4 13. f3 Bd7 14. b4
Nxd3 15. Qxd3 Bd6 16. Nde2 Be6 17. a3 Qc7 18. g3 Rfe8 19. Bb2 Rac8 20. Rbc1
Qe7 21. Rfe1 Qb7 22. Nd4 Bb8 23. Nce2 Nd7 24. Nxe6 fxe6 25. Rxc8 Qxc8 26.
Rc1 Qb7 27. Qc2 Be5 28. Bd4 Bxd4 29. exd4 Nb6 30. Qc6 Qb8 31. Nf4 e5 32.
Nxd5 Nc4 33. Nc7 Rf8 34. dxe5 Qd8 35. Qd5+ Qxd5 36. Nxd5 Nxe5 37. f4 Nc4
38. a4 Kf7 39. axb5 axb5 40. Nc7 Nd6 41. Rc5 Rb8 42. Kg2 Rb7 43. Kf3 Ke7
44. Nd5+ Kd7 45. Nc3 Rb8 46. h4 g6 47. Kg4 Ra8 48. Nxb5 Ne4 49. Rc7+ Ke6
50. Kf3 Nf6 51. Nd4+ Kd5 52. Nc2 Kd6 53. Rc3 Ra2 54. Ne3 Ra1 55. Rb3 Kc6
56. b5+ Kb6 57. Nc4+ Kc5 58. b6 Kxc4 59. b7 Nd7 60. b8=Q Nxb8 61. Rxb8 Ra3+
62. Kg2 Ra6 63. Rd8 h5 64. Rd2 Kc5 65. g4 hxg4 66. Kg3 Ra1 67. Kxg4 Rg1+
68. Kf3 Rf1+ 69. Kg3 Rg1+ 70. Rg2 Rxg2+ 71. Kxg2 Kd5 72. Kf3 Ke6 73. Kg3
Kf5 74. Kf3 Ke6 75. Kg4 Kf6 76. h5 gxh5+ 77. Kxh5 Kf5 78. Kh4 Kxf4 1/2-1/2

[Event "3rd ACT"]
[Site "Amsterdam NED"]
[Date "2006.07.16"]
[Round "2"]
[White "Burg,T"]
[Black "Holzke,F"]
[Result "1/2-1/2"]
[WhiteElo "2268"]
[BlackElo "2472"]
[EventDate "2006.07.15"]

1. e4 e5 2. Nf3 Nc6 3. d4 exd4 4. Nxd4 Nf6 5. Nxc6 bxc6 6. e5 Qe7 7. Qe2
Nd5 8. c4 Nb6 9. Nc3 Qe6 10. Qe4 g6 11. f4 Bb4 12. Bd2 Ba6 13. b3 O-O 14.
Be2 f6 15. a3 Bc5 16. b4 Be7 17. b5 Bb7 18. O-O Rab8 19. exf6 Qxf6 20. bxc6
Bxc6 21. Nd5 Nxd5 22. cxd5 Rfe8 23. Kh1 Bb4 24. Qf3 Bxd2 25. dxc6 dxc6 26.
Qd3 Rbd8 27. Qc4+ Kg7 28. Bf3 Qxf4 29. Qxc6 Qe5 30. Rab1 Re6 31. Qb7 Be3
32. Rbe1 Re7 33. Qc6 Rd6 34. Qa8 Re8 35. Qb7 Qc3 36. a4 a5 37. Qb5 Re5 38.
Qb8 Ba7 39. Qb1 Rxe1 40. Rxe1 Be3 41. Rf1 Qc4 42. Re1 Qc3 43. Rf1 Qc4 44.
Re1 Re6 45. Qd1 Qc3 46. Qd7+ Kh6 47. Rf1 Rf6 48. Qe7 Bd4 49. h4 Bc5 50. Qe2
Rf4 51. g4 Kg7 52. Kg2 Bd6 53. Rd1 Rd4 54. Rxd4 Qxd4 55. Qe4 Qd2+ 56. Be2
Qc3 57. Bd3 Qb2+ 58. Be2 Be5 59. Qd3 Bd6 60. Qe4 c5 61. g5 Qe5 62. Qxe5+
Bxe5 63. Kf3 Bc3 64. Kg4 Bd2 65. h5 gxh5+ 66. Kxh5 h6 67. gxh6+ Bxh6 68.
Bb5 Bc1 69. Kg4 1/2-1/2

[Event "3rd ACT"]
[Site "Amsterdam NED"]
[Date "2006.07.16"]
[Round "2"]
[White "Vogel,Ja"]
[Black "Hunt,A"]
[Result "1/2-1/2"]
[WhiteElo "2246"]
[BlackElo "2457"]
[EventDate "2006.07.15"]

1. Nf3 Nf6 2. g3 g6 3. Bg2 Bg7 4. d4 O-O 5. O-O d6 6. c4 Nbd7 7. Nc3 e5 8.
h3 a6 9. b3 Re8 10. e3 Rb8 11. a4 exd4 12. exd4 Ne4 13. Nxe4 Rxe4 14. Bg5
Qf8 15. Qc2 Re8 16. Rae1 Rxe1 17. Rxe1 Nf6 18. g4 Bd7 19. Nd2 h5 20. Bxf6
Bxf6 21. gxh5 gxh5 22. Qd3 Qg7 23. d5 Kh8 24. Qf3 Qg6 25. Ne4 Be5 26. Ng3
h4 27. Nf1 Rg8 28. Kh1 Rg7 29. Ne3 Qd3 30. Rg1 Qg6 31. Rd1 Qh7 32. Rg1 Rg5
33. Bf1 Bf5 34. Nxf5 Qxf5 35. Qe3 Rxg1+ 36. Kxg1 Bf4 37. Qf3 Kg7 38. Kg2
Qg5+ 39. Qg4 Qxg4+ 40. hxg4 Kf6 41. Bd3 Ke5 42. Bf5 a5 43. Bc8 b6 44. Bd7
Bg5 45. Kf3 f6 46. Bb5 Bf4 47. Kg2 Ke4 48. Bd7 Bg5 1/2-1/2

[Event "3rd ACT"]
[Site "Amsterdam NED"]
[Date "2006.07.16"]
[Round "2"]
[White "Wempe,Jo"]
[Black "Hendriks,W"]
[Result "1-0"]
[WhiteElo "2242"]
[BlackElo "2426"]
[EventDate "2006.07.15"]

1. d4 d6 2. c4 e5 3. Nf3 e4 4. Nfd2 f5 5. Nc3 Nf6 6. e3 c5 7. Be2 Nc6 8.
Nb3 Be7 9. f3 O-O 10. O-O Qe8 11. Nd5 cxd4 12. fxe4 fxe4 13. Nxe7+ Qxe7 14.
exd4 Bd7 15. Bg5 h6 16. Bh4 Rae8 17. Qc2 g5 18. Bg3 Ng4 19. Qc3 e3 20.
Rxf8+ Rxf8 21. Bf3 h5 22. c5 dxc5 23. Nxc5 h4 24. Nxd7 Qxd7 25. Qc4+ Rf7
26. Rf1 hxg3 27. Bxg4 e2 28. Bxe2 gxh2+ 29. Kxh2 Kg7 30. Rxf7+ Qxf7 31.
Qxf7+ Kxf7 32. Bf3 Nxd4 33. Bxb7 a5 34. Kg3 Kf6 35. Kf2 Ke5 36. Ke3 Ne6 37.
Ba8 Nf4 38. Bb7 Ne6 39. Ba8 Nf4 40. Be4 Ne6 41. b3 Nd4 42. Ba8 Nb5 43. Kd3
Kd6 44. b4 a4 45. Bf3 Na3 46. Bd1 1-0

[Event "3rd ACT"]
[Site "Amsterdam NED"]
[Date "2006.07.16"]
[Round "2"]
[White "Blees,A"]
[Black "Ouwendijk,V"]
[Result "1-0"]
[WhiteElo "2400"]
[BlackElo "2210"]
[EventDate "2006.07.15"]

1. d4 f5 2. g3 Nf6 3. Bg2 e6 4. Nf3 c6 5. O-O d5 6. b3 Bd6 7. Ba3 O-O 8. c4
a5 9. Ne5 Bxa3 10. Nxa3 Nbd7 11. Nd3 b6 12. Rc1 Qe7 13. cxd5 exd5 14. Nb1
Bb7 15. Nd2 Rac8 16. Nf3 c5 17. Nf4 Qd6 18. Qc2 Ne4 19. Qb2 Rfe8 20. Rfd1
Qf6 21. Rc2 c4 22. bxc4 dxc4 23. Qb5 Nd6 24. Qxd7 Bc6 25. Qa7 Ba4 26. Nd5
Qd8 27. Rdc1 Nb5 28. Qb7 Rb8 29. Qc6 Rc8 30. Qxc8 Qxc8 31. Nxb6 Qc6 32.
Nxa4 Na3 33. Ne5 Qxa4 34. Rb2 c3 35. Bd5+ Kf8 36. Rb7 Rxe5 37. dxe5 Qd4 38.
Bb3 c2 39. e6 a4 40. Bxc2 Nxc2 41. Rc7 Qe4 1-0

[Event "3rd ACT"]
[Site "Amsterdam NED"]
[Date "2006.07.16"]
[Round "2"]
[White "Van de Fliert,W"]
[Black "Ferguson,M"]
[Result "1/2-1/2"]
[WhiteElo "2195"]
[BlackElo "2389"]
[EventDate "2006.07.15"]

1. e4 e5 2. Nf3 Nc6 3. c3 Nf6 4. d4 Nxe4 5. d5 Ne7 6. Nxe5 Ng6 7. Qd4 Qf6
8. Qxe4 Qxe5 9. Qxe5+ Nxe5 10. Nd2 d6 11. Nc4 Nxc4 12. Bxc4 1/2-1/2

[Event "3rd ACT"]
[Site "Amsterdam NED"]
[Date "2006.07.16"]
[Round "2"]
[White "Gullaksen,E"]
[Black "De Saegher,C"]
[Result "1-0"]
[WhiteElo "2387"]
[BlackElo "2203"]
[EventDate "2006.07.15"]

1. e4 c6 2. d4 d5 3. Nc3 dxe4 4. Nxe4 Bf5 5. Ng3 Bg6 6. Bc4 e6 7. N1e2 Nf6
8. O-O Be7 9. Nf4 Nd5 10. Nxg6 hxg6 11. Bb3 Na6 12. c4 Nf6 13. Be3 Qa5 14.
Qf3 O-O 15. Rad1 Rfd8 16. Rfe1 Nc7 17. Bd2 Bb4 18. Re5 Qb6 19. c5 Qb5 20.
Bg5 Ncd5 21. Bxd5 Rxd5 22. Bxf6 gxf6 23. Rxd5 exd5 24. Qxf6 Re8 25. h4 Ba5
26. b3 Bc7 27. h5 Re6 28. Qf3 Bxg3 29. fxg3 Qb4 30. hxg6 Rxg6 31. Qf4 Qc3
32. Rf1 Rg7 33. g4 Qd3 34. Re1 a5 35. g5 Kh7 36. Qh2+ Kg6 37. Qh6+ Kf5 38.
Qxg7 1-0

[Event "3rd ACT"]
[Site "Amsterdam NED"]
[Date "2006.07.16"]
[Round "2"]
[White "Ernst,S"]
[Black "Timman,T"]
[Result "1-0"]
[WhiteElo "2504"]
[BlackElo "2260"]
[EventDate "2006.07.15"]

1. d4 Nf6 2. c4 e6 3. g3 c5 4. Nf3 a6 5. Nc3 cxd4 6. Nxd4 Qc7 7. Bg2 Qxc4
8. O-O Nc6 9. Nb3 Be7 10. Bg5 O-O 11. Rc1 Qg4 12. Qd2 d5 13. f4 Qf5 14. Na4
Bb4 15. Qe3 Nd7 16. h3 e5 17. g4 exf4 18. Bxf4 Qe6 19. Qd3 Nde5 20. Qxd5
Qe7 21. Qe4 f5 22. Qe3 Be6 1-0

[Event "3rd ACT"]
[Site "Amsterdam NED"]
[Date "2006.07.16"]
[Round "2"]
[White "Michiels,B"]
[Black "Valenti,G"]
[Result "1-0"]
[WhiteElo "2455"]
[BlackElo "2273"]
[EventDate "2006.07.15"]

1. e4 c5 2. Nf3 e6 3. d4 cxd4 4. Nxd4 a6 5. c4 Nf6 6. Nc3 Bb4 7. Bd3 Qc7 8.
O-O Nc6 9. Nf3 O-O 10. Bd2 Bc5 11. Rc1 Nd4 12. Nxd4 Bxd4 13. Kh1 d6 14. f4
Qe7 15. Qf3 Bd7 16. Ne2 Ba7 17. e5 Ne8 18. Qxb7 Qd8 19. Be4 d5 20. cxd5
exd5 21. Bxd5 Rb8 22. Qxa7 Bb5 23. Bc4 Bxc4 24. Rxc4 Qxd2 25. Qxb8 Qxe2 26.
Rfc1 1-0

[Event "3rd ACT"]
[Site "Amsterdam NED"]
[Date "2006.07.16"]
[Round "2"]
[White "Keessen,AJ"]
[Black "Van der Weide,K"]
[Result "0-1"]
[WhiteElo "2234"]
[BlackElo "2446"]
[EventDate "2006.07.15"]

1. Nf3 Nf6 2. c4 c5 3. g3 g6 4. b3 Bg7 5. Bb2 O-O 6. Nc3 Nc6 7. Bg2 e5 8.
O-O d6 9. Ne1 Be6 10. Nd3 Rc8 11. f4 b6 12. Nd5 Nd7 13. Ne3 Ne7 14. Rf2 f5
15. Qc2 Qc7 16. Rd1 Rf7 17. Qb1 e4 18. Bxg7 Rxg7 19. Ne1 d5 20. cxd5 Nxd5
21. Nxd5 Bxd5 22. d3 Nf6 23. dxe4 Bxe4 24. Bxe4 Nxe4 25. Rf3 c4 26. bxc4
Qxc4 27. Qb3 Qxb3 28. Rxb3 Re7 29. Rb2 Rec7 30. Kg2 Kf8 31. Nf3 Rc2 32.
Rxc2 Rxc2 33. Rd7 Rxe2+ 34. Kh3 h6 35. Rxa7 g5 36. fxg5 hxg5 37. g4 f4 38.
Rb7 Rb2 39. a4 Nf2+ 40. Kg2 Nxg4+ 41. Kg1 Rb1+ 42. Kg2 Ne3+ 43. Kf2 Rb2+
44. Ke1 g4 45. Nd2 Rb4 46. Ra7 Nc2+ 47. Kf2 Nd4 48. a5 bxa5 49. Rxa5 Kf7
50. Ra2 Kg6 51. Ne4 Ne6 52. Nc3 Ng5 53. Ra6+ Kh5 54. Nd5 Ne4+ 55. Ke1 Rb1+
56. Ke2 Rb2+ 57. Ke1 f3 0-1

[Event "3rd ACT"]
[Site "Amsterdam NED"]
[Date "2006.07.16"]
[Round "2"]
[White "Ansell,S"]
[Black "Bachofner,A"]
[Result "1-0"]
[WhiteElo "2391"]
[BlackElo "2185"]
[EventDate "2006.07.15"]

1. e4 d5 2. exd5 Qxd5 3. Nc3 Qa5 4. Bc4 Nf6 5. h3 c6 6. Nf3 h6 7. Qe2 Bf5
8. Ne5 Nd5 9. b4 Qxb4 10. Rb1 Nxc3 11. Bxf7+ Kd8 12. Rxb4 Nxe2 13. Kxe2 Kc7
14. Rf4 e6 15. Rxf5 exf5 16. Ng6 Rh7 17. Nxf8 Rh8 18. Ng6 Rd8 19. d3 Nd7
20. Bf4+ Kb6 21. Rb1+ Ka6 22. a4 Nb6 23. a5 Nd5 24. Bd2 Rd7 25. Ne5 Re7 26.
d4 Rf8 27. Bh5 g5 28. Kf1 Rd8 29. Be2+ 1-0

[Event "3rd ACT"]
[Site "Amsterdam NED"]
[Date "2006.07.16"]
[Round "2"]
[White "Van Gool,H"]
[Black "Peelen,P"]
[Result "0-1"]
[WhiteElo "2208"]
[BlackElo "2352"]
[EventDate "2006.07.15"]

1. e4 c6 2. d4 d5 3. exd5 cxd5 4. Nf3 Nc6 5. c3 Nf6 6. Nbd2 Qc7 7. Be2 Bg4
8. O-O e6 9. Ne5 Bxe2 10. Qxe2 Bd6 11. Re1 O-O 12. Nb3 a5 13. Bf4 a4 14.
Nd2 a3 15. b4 Rfc8 16. b5 Nxe5 17. b6 Qb8 18. dxe5 Bf8 19. Qf3 Nd7 20. Rab1
Rc6 21. Rb3 Ra6 22. Qg4 Nc5 23. Re3 Nxb3 24. Nxb3 Raxb6 25. Rh3 Rxb3 26.
axb3 a2 27. Qd1 Qa7 28. Qa1 Qa3 29. c4 dxc4 30. Bc1 Qb4 0-1

[Event "3rd ACT"]
[Site "Amsterdam NED"]
[Date "2006.07.16"]
[Round "2"]
[White "Ahlers,B"]
[Black "Van de Oudeweetering,A"]
[Result "0-1"]
[WhiteElo "2185"]
[BlackElo "2345"]
[EventDate "2006.07.15"]

1. d4 d5 2. c4 c6 3. cxd5 cxd5 4. Nf3 Nc6 5. Nc3 Nf6 6. Bf4 Bf5 7. e3 e6 8.
Bb5 Nd7 9. O-O Be7 10. Qa4 Qb6 11. e4 Bxe4 12. Nxe4 dxe4 13. Nd2 O-O 14.
Be3 Qd8 15. Bxc6 Nb6 16. Qb3 bxc6 17. Nxe4 Nd5 18. Qc2 Qb6 19. Rfe1 Rab8
20. b3 Rfd8 21. Rad1 Rbc8 22. Bc1 Nb4 23. Qe2 Qb5 24. Be3 Qxe2 25. Rxe2 c5
26. Red2 c4 27. bxc4 Rxc4 28. g3 Nd5 29. Rb1 f5 30. Ng5 Bxg5 31. Bxg5 Rd7
32. Be3 Ra4 33. Kf1 Ra3 34. Kg1 Nxe3 35. fxe3 Rxe3 36. Rb4 Ra3 37. Rb5 Kf7
38. Re5 g6 39. Rde2 Ra6 40. Rd2 Ra4 41. Rde2 Ra6 42. Rd2 Kf6 43. h4 Ra4 44.
Rde2 Rd6 45. d5 exd5 46. Re7 Re4 0-1

[Event "3rd ACT"]
[Site "Amsterdam NED"]
[Date "2006.07.16"]
[Round "2"]
[White "Slingerland,F"]
[Black "Wunnink,M"]
[Result "1/2-1/2"]
[WhiteElo "2338"]
[BlackElo "2235"]
[EventDate "2006.07.15"]

1. e4 c5 2. Nf3 d6 3. d4 cxd4 4. Nxd4 Nf6 5. Nc3 a6 6. Bg5 e6 7. f4 Qb6 8.
Nb3 Be7 9. Be2 h6 10. Bxf6 Bxf6 11. Qd3 Qc7 12. O-O-O Be7 13. f5 Nc6 14.
Nd4 Nxd4 15. Qxd4 O-O 16. Rhf1 Qa5 17. Rd3 Bf6 18. Qxd6 Be5 19. Qe7 Bf6 20.
Qa3 Qxa3 21. bxa3 b5 22. Bg4 Rb8 23. Ne2 a5 24. fxe6 Bxe6 25. Bxe6 fxe6 26.
Rff3 b4 27. a4 Rbc8 28. Ng3 Rc3 29. Rd6 Rfc8 30. Rf2 R8c6 31. Rxc6 Rxc6 32.
Re2 Be5 33. Nf1 Rc3 34. g3 Kf7 35. Re3 Rc5 36. Nd2 Bf6 37. Kd1 Bg5 38. Rf3+
Ke7 39. Nb3 Re5 40. h4 Bf6 41. Re3 g5 42. hxg5 Bxg5 43. Re2 Kf7 44. Ke1 Bd8
45. Kf2 Rg5 46. Kf3 h5 47. Rd2 Ke7 48. Rd3 Bc7 49. Kf2 Bb6+ 50. Kf3 Bc7 51.
Kf2 Bb6+ 1/2-1/2

[Event "3rd ACT"]
[Site "Amsterdam NED"]
[Date "2006.07.16"]
[Round "2"]
[White "Miedema,R"]
[Black "Becker,Mart"]
[Result "0-1"]
[WhiteElo "2218"]
[BlackElo "2335"]
[EventDate "2006.07.15"]

1. d4 d5 2. c4 e6 3. Nc3 Be7 4. cxd5 exd5 5. Bf4 c6 6. e3 Bf5 7. g4 Be6 8.
h3 Nd7 9. Nf3 g5 10. Bg3 h5 11. gxh5 Rxh5 12. Ne5 Rh6 13. Ng4 Rh8 14. Bg2
Nh6 15. Nxh6 Rxh6 16. Qd3 Nb6 17. O-O-O Qd7 18. e4 O-O-O 19. Kb1 dxe4 20.
Qc2 f5 21. Be5 Bd6 22. Nb5 Bb8 23. b3 a6 24. Na3 Qe7 25. Qb2 Bxe5 26. dxe5
Rhh8 27. Nc2 Bd5 28. Ne3 Qe6 29. Rhg1 Rde8 30. Bf1 Rhg8 31. Be2 Kc7 32. Qd2
Qxe5 33. Bh5 Rd8 34. Qa5 Qf6 35. Nxd5+ Rxd5 36. Rxd5 cxd5 37. h4 g4 38. Bf7
Qxf7 39. Rc1+ Kb8 40. Qxb6 Re8 41. Qd6+ Ka7 42. Rd1 f4 43. Qxd5 Qxd5 44.
Rxd5 g3 45. fxg3 e3 0-1

[Event "3rd ACT"]
[Site "Amsterdam NED"]
[Date "2006.07.16"]
[Round "2"]
[White "Tukmakov,V"]
[Black "Szymczak,Z"]
[Result "1/2-1/2"]
[WhiteElo "2560"]
[BlackElo "2288"]
[EventDate "2006.07.15"]

1. c4 e6 2. Nf3 d5 3. d4 dxc4 4. Qa4+ Nd7 5. e4 Ngf6 6. Nc3 Be7 7. Bxc4 O-O
8. O-O Nb6 9. Qb3 Nxc4 10. Qxc4 a6 11. e5 Nd5 12. Bd2 b6 13. Nxd5 exd5 14.
Qc6 Bg4 15. Rfc1 Rc8 16. Ne1 Qd7 17. Qb7 Be2 18. b3 Ba3 19. Rc2 Bb5 20. Bc1
Bb4 21. Bb2 c5 22. Qxd7 Bxd7 23. Nd3 Bf5 24. Nxb4 cxb4 25. Rcc1 Rxc1+ 26.
Rxc1 Rc8 1/2-1/2

[Event "3rd ACT"]
[Site "Amsterdam NED"]
[Date "2006.07.16"]
[Round "2"]
[White "Cuijpers,F"]
[Black "Struk,J"]
[Result "1-0"]
[WhiteElo "2510"]
[BlackElo "2277"]
[EventDate "2006.07.15"]

1. e4 c5 2. Nf3 Nc6 3. d4 cxd4 4. Nxd4 g6 5. c4 Bg7 6. Be3 Nf6 7. Nc3 d6 8.
Be2 O-O 9. O-O Bd7 10. Qd2 Nxd4 11. Bxd4 Bc6 12. Bd3 e5 13. Be3 Ng4 14.
Rad1 b6 15. Bg5 Bf6 16. Bxf6 Nxf6 17. Bc2 Ne8 18. Rfe1 Qe7 19. Ba4 Bxa4 20.
Nxa4 Rd8 21. Re3 Nc7 22. Nc3 Rd7 23. Rd3 Rfd8 24. b4 Na6 25. Nd5 Qe6 26.
Qg5 Kg7 27. Rh3 Rh8 28. Qh6+ Kg8 29. Rf3 1-0

[Event "3rd ACT"]
[Site "Amsterdam NED"]
[Date "2006.07.16"]
[Round "2"]
[White "Spoelman,W"]
[Black "Hofland,L"]
[Result "1-0"]
[WhiteElo "2461"]
[BlackElo "2272"]
[EventDate "2006.07.15"]

1. e4 c6 2. d4 d5 3. Nc3 dxe4 4. Nxe4 Nf6 5. Nxf6+ gxf6 6. c3 Qd5 7. c4
Qe4+ 8. Ne2 e5 9. Be3 Na6 10. a3 Qh4 11. Nc3 Bg4 12. Be2 Bxe2 13. Qxe2 Bg7
14. O-O-O O-O 15. Qf3 f5 16. Qxf5 exd4 17. g3 Qf6 18. Qxf6 Bxf6 19. Bxd4
Bxd4 20. Rxd4 Rfd8 21. Rhd1 Rxd4 22. Rxd4 Nc5 23. Kc2 Rc8 24. b4 Ne6 25.
Rd7 Rc7 26. Rxc7 Nxc7 27. Ne4 Ne8 28. Nc5 Nd6 29. Kd3 Kf8 30. Nb3 b5 31.
Na5 bxc4+ 32. Nxc4 Nb7 33. Kd4 Nd8 34. Kc5 1-0

[Event "3rd ACT"]
[Site "Amsterdam NED"]
[Date "2006.07.16"]
[Round "2"]
[White "Bosboom,M"]
[Black "Bakker,S"]
[Result "1/2-1/2"]
[WhiteElo "2390"]
[BlackElo "2231"]
[EventDate "2006.07.15"]

1. d4 Nf6 2. Nf3 e6 3. c4 b6 4. Bg5 Bb7 5. Nc3 Bb4 6. Qb3 c5 7. O-O-O Bxc3
8. Qxc3 Ne4 9. Qe3 Nxg5 10. Nxg5 cxd4 11. Rxd4 Nc6 12. Rg4 Qe7 13. Nf3 f5
14. Rg3 Rc8 15. Qc3 O-O 16. e3 d5 17. Kb1 Na5 18. Ne5 Nxc4 19. Bxc4 dxc4
20. f3 b5 21. a3 Qc7 22. Rc1 a5 23. h4 Rfd8 24. b4 axb4 25. axb4 Ra8 26. h5
h6 27. Rg6 Bd5 28. g4 Qa7 29. Qb2 c3 30. Rxc3 Rdc8 31. g5 Rxc3 32. Qxc3
Qa2+ 33. Kc1 Qe2 34. Rxg7+ Kxg7 35. Qc7+ Kh8 36. Nf7+ Kg7 37. Nxh6+ Kh8 38.
Nf7+ Kg7 39. Nh6+ Kh8 40. Qe5+ Kh7 41. Qc7+ Kh8 1/2-1/2

[Event "3rd ACT"]
[Site "Amsterdam NED"]
[Date "2006.07.16"]
[Round "2"]
[White "Van Beek,L"]
[Black "Taylor,Pe"]
[Result "1-0"]
[WhiteElo "2345"]
[BlackElo "2220"]
[EventDate "2006.07.15"]

1. d4 Nf6 2. c4 e6 3. Nc3 Bb4 4. e3 O-O 5. Nge2 d5 6. a3 Be7 7. cxd5 exd5
8. b4 Nbd7 9. Ng3 Nb6 10. Bd3 Re8 11. O-O a6 12. f3 Be6 13. Nce2 Nfd7 14.
Qc2 Nf8 15. e4 g6 16. e5 f5 17. Nxf5 Bxf5 18. Bxf5 gxf5 19. Qxf5 Qd7 20.
Qd3 Qb5 21. Qd1 a5 22. bxa5 Qxa5 23. f4 c5 24. f5 Qa4 25. Qd3 Kh8 26. f6
Ng6 27. fxe7 cxd4 28. Bg5 Nd7 29. Bf6+ Kg8 30. Qh3 Nc5 31. Rac1 Qxa3 32.
Qxa3 Rxa3 33. Rxc5 d3 34. Ng3 1-0